[Event "World Rapid 2018"]
[Site "St Petersburg RUS"]
[Date "2018.12.26"]
[Round "3.73"]
[White "Jones, Gawain C B"]
[Black "Sokolin, Leonid"]
[Result "1/2-1/2"]
[WhiteTitle "GM"]
[BlackTitle "IM"]
[WhiteElo "2682"]
[BlackElo "2508"]
[WhiteFideId "409561"]
[BlackFideId "2009161"]
[EventDate "2018.12.26"]

1. e4 e6 2. d4 d5 3. Nd2 Nf6 4. e5 Nfd7 5. Bd3 c5 6. c3 Nc6 7. Ngf3 cxd4 8. cxd4
f6 9. O-O Be7 10. exf6 Bxf6 11. Re1 Qe7 12. Qe2 O-O 13. Qxe6+ Qxe6 14. Rxe6 Nb6
15. Re2 Nxd4 16. Nxd4 Bxd4 17. Nb3 Bf6 18. Be3 Bd7 19. Bd4 Rae8 20. Rae1 Rxe2
21. Rxe2 Bxd4 22. Nxd4 Rf4 23. Nb3 g6 24. f3 Kf7 25. Kf2 Bc6 26. Nc5 Rf6 27. Nb3
Rf4 28. Ke3 Rh4 29. g3 Ra4 30. a3 Nc4+ 31. Kf2 Nd6 32. Ke1 b6 33. Rc2 Bd7 34.
Kd2 Ke6 35. Kc3 Nc4 36. Nd4+ Kd6 37. Re2 Ne5 38. f4 Nxd3 39. Kxd3 Rc4 40. Rc2
Rxc2 41. Kxc2 a5 42. b4 axb4 43. axb4 Bf5+ 44. Kd2 Bd7 45. Ke3 Bg4 46. Nb5+ Kc6
47. Nc3 Kd6 48. Kd4 Bf3 49. b5 Ke6 50. Na4 Be2 51. Nxb6 Bxb5 52. Nxd5 Bc6 53.
Ne3 Bd7 54. g4 h6 55. Nc4 Kf6 56. Ne5 Be6 57. Ke4 Bc8 58. h4 Bb7+ 59. Ke3 Bc8
60. Kf3 g5 61. Kg3 Be6 62. Nf3 gxf4+ 63. Kxf4 Bd5 64. Nd4 Bb7 65. Nf5 Kg6 66.
Nd6 Bc6 67. Ne4 Bb7 68. Ng3 Bc8 69. Nf5 Bb7 70. Ne3 Bc8 71. h5+ Kg7 72. Ke5 Ba6
73. Nf5+ Kh7 74. Kf6 Be2 75. Ne3 Bf3 76. Kf5 Be2 77. Nd5 Bd3+ 78. Kf6 Bc4 79.
Nf4 Bb3 80. Ng6 Bd1 81. Ne5 Be2 82. Kf7 Bd1 83. Kf8 Be2 84. Nd7 Bc4 85. Nf6+ Kh8
86. Ke7 Kg7 87. Ne8+ Kh7 88. Kf6 Bb5 89. Ke7 Be2 90. Kf7 Bc4+ 91. Kf8 Be2 92.
Nf6+ Kh8 93. Kf7 Bd3 94. Nd7 Kh7 95. Nf6+ Kh8 96. Nd5 Bc4 97. Ke6 Kg7 98. Ke5
Bxd5 99. Kxd5 Kf6 100. Ke4 Ke6 101. Kf3 Ke5 102. Ke3 Ke6 103. Ke4 Kf6 104. Ke3
Ke5 105. Kf3 Ke6 106. Kg2 Ke5 107. Kg3 Ke6 108. Kh4 Kf6 109. g5+ hxg5+ 110. Kg4
Kg7 111. Kf5 Kh6 112. Kg4 Kg7 113. Kxg5 Kh7 114. h6 Kh8 115. Kg6 Kg8 116. h7+
Kh8 117. Kh6 1/2-1/2

[Event "World Rapid 2018"]
[Site "St Petersburg RUS"]
[Date "2018.12.26"]
[Round "3.74"]
[White "Vishnu Prasanna, V"]
[Black "Ponkratov, Pavel"]
[Result "0-1"]
[WhiteTitle "GM"]
[BlackTitle "GM"]
[WhiteElo "2518"]
[BlackElo "2630"]
[WhiteFideId "5030692"]
[BlackFideId "4157800"]
[EventDate "2018.12.26"]

1. e4 c5 2. Nf3 b6 3. d4 cxd4 4. Nxd4 Bb7 5. Nc3 a6 6. Bg5 Qc7 7. Qd2 e6 8.
O-O-O Bb4 9. Nde2 Nf6 10. f3 Nc6 11. Bf4 Qd8 12. Bd6 Bxd6 13. Qxd6 Qe7 14. Qc7
d5 15. Qxb6 dxe4 16. Nxe4 Nxe4 17. fxe4 O-O 18. Nc3 Rab8 19. Bc4 Qg5+ 20. Kb1
Qxg2 21. Qe3 Ne5 22. Be2 Qg6 23. h4 Qf6 24. h5 Rfc8 25. Qg3 g6 26. Rdf1 Qg7 27.
h6 Qh8 28. Rh5 Nd7 29. e5 Rc5 30. Rd1 Nxe5 31. Qe3 Rxc3 32. Qxc3 gxh5 33. Qc7
Rf8 34. Qxb7 Qf6 35. Qxa6 Qxh6 36. a4 Qe3 37. Bxh5 Rb8 38. Be2 h5 39. Bb5 Kg7
40. Qd6 Rh8 41. a5 h4 42. a6 h3 43. a7 h2 44. Qb8 Qe4 45. Bc6 Nxc6 46. Qg3+ Qg6
47. Qc3+ e5 0-1

[Event "World Rapid 2018"]
[Site "St Petersburg RUS"]
[Date "2018.12.26"]
[Round "3.75"]
[White "Grigoriants, Sergey"]
[Black "Gordievsky, Dmitry"]
[Result "1/2-1/2"]
[WhiteTitle "GM"]
[BlackTitle "GM"]
[WhiteElo "2540"]
[BlackElo "2614"]
[WhiteFideId "4130804"]
[BlackFideId "24112798"]
[EventDate "2018.12.26"]

1. e4 c5 2. Nf3 Nc6 3. d4 cxd4 4. Nxd4 Qb6 5. Nb3 Nf6 6. Nc3 e6 7. Bd3 Be7 8.
Be3 Qc7 9. f4 d6 10. g4 h6 11. Qe2 a6 12. O-O-O b5 13. Qg2 Bb7 14. g5 hxg5 15.
fxg5 Nd7 16. g6 f6 17. h4 Nce5 18. Kb1 f5 19. Bg5 b4 20. Ne2 Bxg5 21. hxg5 Rxh1
22. Qxh1 O-O-O 23. Nf4 Re8 24. Qe1 fxe4 25. Bxe4 d5 26. Bg2 Qd6 27. Na5 Ba8 28.
Rd4 Kd8 29. Rxb4 Nc6 30. Nxc6+ Bxc6 31. a3 a5 32. Rd4 a4 33. Rb4 e5 34. Ne2 Qxg6
35. Qd2 Qd6 36. Nc3 d4 37. Nb5 Bxb5 38. Rxb5 e4 39. Qa5+ Qc7 40. Qa8+ Qc8 41.
Bxe4 Qxa8 42. Bxa8 Re1+ 43. Ka2 Kc7 44. Bf3 Ne5 45. Bd5 d3 46. cxd3 Nxd3 47. b4
Re2+ 48. Kb1 Rb2+ 49. Ka1 Rc2 50. Be4 Rc1+ 51. Ka2 Rc2+ 52. Kb1 Rc1+ 1/2-1/2

[Event "World Rapid 2018"]
[Site "St Petersburg RUS"]
[Date "2018.12.26"]
[Round "3.76"]
[White "Khismatullin, Denis"]
[Black "Sanal, Vahap"]
[Result "1-0"]
[WhiteTitle "GM"]
[BlackTitle "GM"]
[WhiteElo "2621"]
[BlackElo "2490"]
[WhiteFideId "4142578"]
[BlackFideId "6300545"]
[EventDate "2018.12.26"]

1. d4 Nf6 2. Nf3 d5 3. c4 e6 4. Nc3 c6 5. e3 Nbd7 6. Qc2 Bd6 7. g4 Nxg4 8. Rg1
Qf6 9. Rxg4 Qxf3 10. Rxg7 Nf6 11. h3 Bd7 12. Bd2 Kf8 13. Rg5 Ne4 14. Nxe4 Qxe4
15. Qb3 b6 16. Bb4 Bxb4+ 17. Qxb4+ Ke8 18. O-O-O Qf3 19. Qd2 Ke7 20. Rg4 a5 21.
Be2 Qf6 22. Rdg1 Kd6 23. Rf4 Qe7 24. Qc3 Kc7 25. Rg7 Be8 26. Bh5 Rf8 27. Rxh7
Rd8 28. h4 Kb7 29. Bg6 Rd7 30. a3 Qd8 31. Bd3 Rg8 32. Kb1 Qc7 33. Ka2 Qd8 34. c5
Ka7 35. cxb6+ Qxb6 36. h5 Rb7 37. h6 Rg1 38. Rh8 Rb8 39. h7 a4 40. Bc2 Qa6 41.
Bd3 Qb6 42. Qc5 Rd1 43. Rxf7+ Bxf7 44. Rxb8 Qxc5 45. dxc5 e5 46. Rf8 Be6 1-0

[Event "World Rapid 2018"]
[Site "St Petersburg RUS"]
[Date "2018.12.26"]
[Round "3.77"]
[White "Vallejo Pons, Francisco"]
[Black "Teterev, Vitaly"]
[Result "1-0"]
[WhiteTitle "GM"]
[BlackTitle "GM"]
[WhiteElo "2695"]
[BlackElo "2486"]
[WhiteFideId "2205530"]
[BlackFideId "13501429"]
[EventDate "2018.12.26"]

1. e4 c5 2. Nf3 d6 3. d4 cxd4 4. Qxd4 Nf6 5. Bg5 Nc6 6. Bb5 Nd7 7. Qc3 Qb6 8.
Bd3 e6 9. O-O Nc5 10. a4 Bd7 11. Na3 a6 12. Rfd1 Qb4 13. Nc4 Qxc3 14. bxc3 f6
15. Be3 O-O-O 16. Nb6+ Kc7 17. Bxc5 dxc5 18. Nxd7 Rxd7 19. Bc4 Rxd1+ 20. Rxd1
Nd8 21. Ne1 Bd6 22. Nd3 Re8 23. f4 Nc6 24. g3 Na5 25. Nb2 Kc6 26. Kf2 b5 27.
axb5+ axb5 28. Bxb5+ Kxb5 29. Rxd6 Nc4 30. Nxc4 Kxc4 31. Rd7 Kxc3 32. Rxg7 Rc8
33. Rxh7 Kxc2 34. Ke2 c4 35. Re7 e5 36. fxe5 fxe5 37. Rxe5 c3 38. Rb5 Rd8 39. h4
Rd3 40. g4 Rd2+ 41. Ke3 Rd3+ 42. Kf4 Kd2 43. h5 c2 44. Rb2 Rb3 45. Rxc2+ Kxc2
46. h6 Rh3 47. g5 Kd3 48. e5 Rh1 49. e6 Rf1+ 50. Ke5 1-0

[Event "World Rapid 2018"]
[Site "St Petersburg RUS"]
[Date "2018.12.26"]
[Round "3.78"]
[White "Paravyan, David"]
[Black "Kobo, Ori"]
[Result "0-1"]
[WhiteTitle "GM"]
[BlackTitle "GM"]
[WhiteElo "2634"]
[BlackElo "2494"]
[WhiteFideId "4194985"]
[BlackFideId "2812320"]
[EventDate "2018.12.26"]

1. e4 g6 2. d4 Bg7 3. c4 e6 4. Nc3 Ne7 5. d5 d6 6. Nf3 Nd7 7. Be2 Nc5 8. O-O O-O
9. Nd4 f5 10. exf5 Nxf5 11. Nxf5 gxf5 12. Be3 a5 13. Qd2 Bd7 14. dxe6 Bxe6 15.
Rad1 Qf6 16. Nd5 Qf7 17. Bf3 a4 18. Rfe1 Rad8 19. Bg5 Rde8 20. Nf4 Ne4 21. Bxe4
fxe4 22. Nxe6 Rxe6 23. Bh4 Qf5 24. b3 axb3 25. axb3 Ra8 26. Bg3 Bh6 27. Qe2 e3
28. f4 c6 29. Rd3 Rae8 30. Red1 Bf8 31. Rd4 Re4 32. R4d3 h5 33. Rf1 R8e6 34. Be1
Bg7 35. g3 d5 36. Bb4 d4 37. Kh1 c5 38. Ba3 Rg6 39. Qf3 b6 40. Bc1 h4 41. Kg2
Bh6 42. Bxe3 Rxe3 43. Rxe3 dxe3 44. Qxe3 Re6 45. Qf3 h3+ 46. Kg1 Bg7 47. g4 Bd4+
48. Kh1 Qe4 49. Qxe4 Rxe4 50. g5 Kf7 51. f5 Rg4 52. g6+ Kf6 53. Re1 Kxf5 54. b4
Bc3 55. Rf1+ Kxg6 56. bxc5 Rxc4 57. cxb6 Be5 58. Rb1 Rc2 59. b7 Rxh2+ 60. Kg1
Rg2+ 61. Kh1 Rh2+ 62. Kg1 Bb8 63. Rb3 Kg5 64. Rc3 Rg2+ 65. Kh1 Rh2+ 66. Kg1 Rg2+
67. Kh1 Rb2 68. Rxh3 Rxb7 69. Kg2 Kg4 70. Rf3 Rb2+ 71. Rf2 Rb3 72. Rf8 Bf4 73.
Rg8+ Bg5 74. Kf2 Rb2+ 75. Ke1 Kf4 76. Kd1 Rg2 77. Re8 Kf3 78. Re2 Rg1+ 79. Re1
Rg2 80. Re2 Rg4 81. Re8 Rc4 0-1

[Event "World Rapid 2018"]
[Site "St Petersburg RUS"]
[Date "2018.12.26"]
[Round "3.79"]
[White "Tari, Aryan"]
[Black "Hirneise, Tobias"]
[Result "1-0"]
[WhiteTitle "GM"]
[BlackTitle "IM"]
[WhiteElo "2620"]
[BlackElo "2464"]
[WhiteFideId "1510045"]
[BlackFideId "24600881"]
[EventDate "2018.12.26"]

1. e4 e5 2. Nf3 Nc6 3. d4 exd4 4. Nxd4 Nf6 5. Nxc6 bxc6 6. e5 Qe7 7. Qe2 Nd5 8.
c4 Nb6 9. Nc3 Qe6 10. Qe4 d5 11. exd6 Bxd6 12. Bd3 f5 13. Qxe6+ Bxe6 14. b3
O-O-O 15. Bb2 Bxh2 16. Rxh2 Rxd3 17. Rd1 Rxd1+ 18. Nxd1 Re8 19. Kd2 Rd8+ 20. Kc1
Nd7 21. Rxh7 Nc5 22. Bxg7 Nd3+ 23. Kb1 f4 24. Rh8 Rxh8 25. Bxh8 Bg4 26. Kc2 Ne1+
27. Kd2 Nxg2 28. Be5 Bf5 29. Nc3 Bh7 30. Ne2 f3 31. Nd4 Be4 32. Bg3 Kd7 33. b4
a6 34. a3 c5 35. Nb3 1-0

[Event "World Rapid 2018"]
[Site "St Petersburg RUS"]
[Date "2018.12.26"]
[Round "3.80"]
[White "Christiansen, Johan-Sebastian"]
[Black "Hakobyan, Aram"]
[Result "1-0"]
[WhiteTitle "GM"]
[BlackTitle "GM"]
[WhiteElo "2555"]
[BlackElo "2545"]
[WhiteFideId "1512668"]
[BlackFideId "13306677"]
[EventDate "2018.12.26"]

1. c4 Nf6 2. g3 g6 3. Bg2 Bg7 4. Nf3 O-O 5. d4 d6 6. O-O Ne4 7. Qc2 f5 8. Rd1
Nc6 9. Be3 Qe8 10. d5 Nb4 11. Qb3 a5 12. Bd4 Bd7 13. Nc3 Bf6 14. Rdc1 Qf7 15.
Qd1 Na6 16. Bxf6 Qxf6 17. Ne1 Nac5 18. Nd3 a4 19. Nxc5 Nxc5 20. e3 c6 21. Qd2
Kg7 22. Rab1 g5 23. f4 h5 24. b4 axb3 25. axb3 Ra3 26. Qc2 Rfa8 27. Rf1 g4 28.
Rfe1 h4 29. Red1 Na6 30. e4 Nb4 31. Qd2 c5 32. e5 dxe5 33. fxe5 Qxe5 34. Qg5+
Kf8 35. Ne4 Ra2 36. Qh6+ Ke8 37. Qg6+ Kd8 38. Qb6+ Qc7 39. Qxc7+ Kxc7 40. Nxc5
Rc2 41. Rbc1 Raa2 42. Rxc2 Nxc2 43. Rd2 Ra1+ 44. Kf2 Ne1 45. Bh1 Nd3+ 46. Nxd3
Rxh1 47. Kg2 Rb1 48. gxh4 Be8 49. Rb2 Rd1 50. Nf4 Kd6 51. h5 Ke5 52. h6 Kf6 53.
Re2 e5 54. h7 Kg7 55. Rxe5 Bf7 56. Re7 Rd2+ 57. Kg3 1-0

[Event "World Rapid 2018"]
[Site "St Petersburg RUS"]
[Date "2018.12.26"]
[Round "3.81"]
[White "Shinkevich, Vitaly"]
[Black "Lobanov, Sergei"]
[Result "1-0"]
[WhiteTitle "IM"]
[BlackTitle "IM"]
[WhiteElo "2439"]
[BlackElo "2526"]
[WhiteFideId "4122690"]
[BlackFideId "24183750"]
[EventDate "2018.12.26"]

1. d4 Nf6 2. Nf3 e6 3. c4 b6 4. a3 Bb7 5. Nc3 d5 6. cxd5 Nxd5 7. Bd2 c5 8. e4
Nxc3 9. Bxc3 Bxe4 10. Ne5 a6 11. Qh5 g6 12. Qe2 Bd5 13. dxc5 Bg7 14. Qe3 O-O 15.
cxb6 Nd7 16. Nxd7 Qxd7 17. f3 Rfb8 18. Bxg7 Kxg7 19. Qe5+ Kg8 20. Bxa6 Rxb6 21.
Be2 Qa7 22. Qd4 Qa5+ 23. Kf2 Rb3 24. Rhc1 Rab8 25. Rc2 h5 26. Rac1 Qd8 27. Ba6
Kh7 28. Rc8 Rxb2+ 29. Kf1 Rb1 30. Rxb1 Rxc8 31. Bxc8 Qxc8 32. Kg1 Qc2 33. Rb8
Qc1+ 34. Kf2 Kh6 35. Rh8+ Kg5 36. h4+ Kf5 37. g4+ 1-0

[Event "World Rapid 2018"]
[Site "St Petersburg RUS"]
[Date "2018.12.26"]
[Round "3.82"]
[White "Potapov, Pavel"]
[Black "Borisenko, Viacheslav"]
[Result "1/2-1/2"]
[WhiteTitle "GM"]
[BlackTitle "IM"]
[WhiteElo "2516"]
[BlackElo "2289"]
[WhiteFideId "4169786"]
[BlackFideId "14115824"]
[EventDate "2018.12.26"]

1. e4 c5 2. c3 e5 3. Nf3 Nc6 4. Bc4 Qc7 5. O-O Nf6 6. Ng5 Nd8 7. f4 h6 8. Nf3
exf4 9. e5 Ng8 10. Qe2 g5 11. d4 a6 12. a4 Ne7 13. Nbd2 Bg7 14. Ne4 O-O 15. Nf6+
Bxf6 16. exf6 Ng6 17. Nxg5 hxg5 18. Qh5 d5 19. Qh6 Ne6 20. Bxd5 Qd8 21. Bxe6
Qxf6 22. Ba2 Re8 23. h4 Re2 24. Bd5 cxd4 25. h5 Bf5 26. hxg6 Bxg6 27. Bxf4 gxf4
28. Rxf4 Qg7 29. Qg5 Re5 30. Bxf7+ Bxf7 31. Qxg7+ Kxg7 32. cxd4 Re2 33. Rc1 Rae8
34. Kh2 R8e7 35. b4 Rb2 36. Rg4+ Bg6 37. d5 Rd2 38. Rc5 Rd7 39. b5 R2xd5 40.
Rxd5 Rxd5 41. bxa6 bxa6 42. Kg3 Kf6 43. Kf2 Ra5 44. Ke3 Be8 45. Rf4+ Kg5 46. g4
Bd7 47. Kf3 Rd5 48. Rb4 a5 49. Rc4 Re5 50. Kg3 Be6 51. Rd4 Re3+ 52. Kf2 Ra3 53.
Re4 Bxg4 54. Re5+ Kf4 55. Rxa5 Ra2+ 56. Ke1 Bf3 57. Rb5 Be4 58. Rb3 Rxa4 59. Kd2
Ra8 60. Kc3 Rc8+ 61. Kd4 Rd8+ 62. Kc3 Ke3 63. Kc4+ Bd3+ 64. Kc5 Rc8+ 65. Kd5 Rh8
66. Rb4 Rh5+ 67. Kd6 Ra5 68. Kc6 Be4+ 69. Kd6 Kf4 70. Rb8 Rd5+ 71. Ke6 Rf5 72.
Kd6 Rf6+ 73. Kc5 Rh6 74. Kd4 Rh1 75. Kc5 Bf5 76. Kd4 Rd1+ 77. Kc5 Ke5 78. Rb4
Be6 79. Rb2 Rc1+ 80. Kb4 Bf5 81. Kb5 Bd3+ 82. Kb6 Kd6 83. Rb3 Rc6+ 84. Kb7 Ba6+
85. Ka7 Kc5 86. Rb2 Bb5 87. Rc2+ Bc4 88. Rb2 Rg6 89. Rb7 Ra6+ 90. Kb8 Bd5 91.
Ra7 Rh6 92. Re7 Rh8+ 93. Kc7 Ra8 94. Kd7 Ra4 95. Kc7 Ra6 96. Kd7 Rh6 97. Kc7 Be6
98. Rg7 Rf6 99. Re7 Bd5 100. Kd7 Ra6 101. Kc7 Ra8 102. Kd7 Bc6+ 103. Ke6 Bd5+
104. Ke5 Rh8 105. Rc7+ Bc6 106. Re7 Rh5+ 107. Kf4 Kd4 108. Re1 Rh4+ 109. Kg3 Rh7 1/2-1/2

[Event "World Rapid 2018"]
[Site "St Petersburg RUS"]
[Date "2018.12.26"]
[Round "3.83"]
[White "Fakhrutdinov, Timur"]
[Black "Reshetnikov, Alexey"]
[Result "0-1"]
[WhiteTitle "FM"]
[BlackTitle "IM"]
[WhiteElo "2481"]
[BlackElo "2492"]
[WhiteFideId "24176702"]
[BlackFideId "4162080"]
[EventDate "2018.12.26"]

1. e4 c5 2. Nf3 Nc6 3. d4 cxd4 4. Nxd4 Qb6 5. Nb3 Nf6 6. Nc3 e6 7. a3 a6 8. Bf4
e5 9. Bg5 Be7 10. Bxf6 Bxf6 11. Nd5 Qd8 12. Nd2 b5 13. a4 Rb8 14. axb5 axb5 15.
b4 O-O 16. Bd3 Bg5 17. Nf3 Bh6 18. Qe2 Ne7 19. O-O Nxd5 20. exd5 d6 21. h3 f5
22. Bxb5 Qb6 23. c4 e4 24. Nd2 Bf4 25. Nb3 Be5 26. Ra4 f4 27. Qxe4 f3 28. Na5
Rf4 29. Qe3 Qd8 30. Nc6 Qg5 31. g3 Qh5 32. Nxe5 dxe5 33. h4 Rxh4 0-1

[Event "World Rapid 2018"]
[Site "St Petersburg RUS"]
[Date "2018.12.26"]
[Round "3.84"]
[White "Popov, Valerij"]
[Black "Hirneise, Jens"]
[Result "1/2-1/2"]
[WhiteTitle "GM"]
[BlackTitle "FM"]
[WhiteElo "2532"]
[BlackElo "2371"]
[WhiteFideId "4119410"]
[BlackFideId "24614734"]
[EventDate "2018.12.26"]

1. c4 g6 2. Nf3 Bg7 3. Nc3 Nf6 4. e4 d6 5. d4 O-O 6. Be2 e5 7. Be3 Ng4 8. Bg5 f6
9. Bh4 g5 10. Bg3 Nh6 11. h3 Nc6 12. d5 Ne7 13. Qd2 Ng6 14. O-O-O Nf4 15. Bxf4
gxf4 16. g4 fxg3 17. fxg3 f5 18. Bd3 fxe4 19. Bxe4 Nf5 20. Qd3 Kh8 21. g4 Ng3
22. Rhg1 Nxe4 23. Nxe4 Qe7 24. Nfd2 Bd7 25. Kb1 Rf4 26. Rde1 Raf8 27. a3 Be8 28.
Ka2 Bg6 29. Qb3 b6 30. Qg3 Bxe4 31. Nxe4 Rf3 32. Qg2 Qh4 33. Rh1 Bh6 34. Ref1
R3f4 35. Ng3 Rxf1 36. Rxf1 Rxf1 37. Qxf1 Qxg3 38. Qf6+ Kg8 39. Qe6+ Kg7 40. Qe7+
Kg8 41. Qe6+ Kg7 42. Qe7+ 1/2-1/2

[Event "World Rapid 2018"]
[Site "St Petersburg RUS"]
[Date "2018.12.26"]
[Round "3.86"]
[White "Ghaem Maghami, Ehsan"]
[Black "Shubin, Kirill"]
[Result "1-0"]
[WhiteTitle "GM"]
[BlackTitle "FM"]
[WhiteElo "2537"]
[BlackElo "2334"]
[WhiteFideId "12500739"]
[BlackFideId "34119962"]
[EventDate "2018.12.26"]

1. d4 e6 2. Nf3 Nf6 3. c4 Bb4+ 4. Bd2 a5 5. g3 d6 6. Bg2 Nbd7 7. O-O e5 8. e3
Bxd2 9. Qxd2 O-O 10. Nc3 Re8 11. b3 h6 12. Qc2 Nf8 13. h3 Bd7 14. Rad1 Qc8 15.
Kh2 Rb8 16. Rfe1 c6 17. dxe5 dxe5 18. Nd2 b6 19. Nde4 Nxe4 20. Nxe4 Qc7 21. Qc3
c5 22. Qd2 f5 23. Nd6 Re7 24. e4 fxe4 25. Qd5+ Be6 26. Qxe4 Rd8 27. Nb5 Qb8 28.
Rxd8 Qxd8 29. Qxe5 Rd7 30. Nc3 Rd2 31. Re2 Qd4 32. Qxd4 Rxd4 33. Nd5 a4 34. Nxb6
axb3 35. axb3 Kf7 36. Na4 Nd7 37. Bc6 Rd1 38. g4 h5 39. gxh5 Rb1 40. Bxd7 Bxd7
41. Nxc5 Bc6 42. Kg3 Rc1 43. Kf4 Bg2 44. Re3 Rc2 45. f3 Bxh3 46. Ne4 Bf1 47. Rc3
Rh2 48. c5 Ke7 49. c6 Ba6 50. Re3 Bc8 51. Nc3+ Kd8 52. Nd5 Rxh5 53. Re5 Rh1 54.
Re7 1-0

[Event "World Rapid 2018"]
[Site "St Petersburg RUS"]
[Date "2018.12.26"]
[Round "3.87"]
[White "Mikhalevski, Victor"]
[Black "Yeritsyan, Aram"]
[Result "1-0"]
[WhiteTitle "GM"]
[BlackTitle "FM"]
[WhiteElo "2579"]
[BlackElo "2372"]
[WhiteFideId "2801914"]
[BlackFideId "34161047"]
[EventDate "2018.12.26"]

1. Nf3 Nf6 2. g3 b5 3. Bg2 Bb7 4. Na3 a6 5. c4 e5 6. b3 Bc5 7. Bb2 Qe7 8. Nc2 e4
9. Nfd4 O-O 10. O-O bxc4 11. bxc4 d6 12. Rb1 Nbd7 13. Nf5 Qe6 14. Bh3 Qxc4 15.
Bxf6 Nxf6 16. Rxb7 Bb6 17. Nce3 Qxa2 18. Qa1 Qxd2 19. Nxg7 Kxg7 20. Rxb6 cxb6
21. Rd1 Qxe2 22. Nf5+ 1-0

[Event "World Rapid 2018"]
[Site "St Petersburg RUS"]
[Date "2018.12.26"]
[Round "3.88"]
[White "Gaifullin, Artur"]
[Black "Kovalev, Vladislav"]
[Result "0-1"]
[WhiteTitle "FM"]
[BlackTitle "GM"]
[WhiteElo "2448"]
[BlackElo "2683"]
[WhiteFideId "24168653"]
[BlackFideId "13504398"]
[EventDate "2018.12.26"]

1. Nf3 Nf6 2. d4 g6 3. c4 Bg7 4. Nc3 O-O 5. e4 d6 6. Be2 Na6 7. O-O e5 8. Be3
Ng4 9. Bg5 Qe8 10. dxe5 Nxe5 11. Nd4 Nc6 12. Nxc6 bxc6 13. Be3 Nc5 14. Bxc5 dxc5
15. Qc2 Bd4 16. Bf3 Qe5 17. Rac1 h5 18. b3 Bg4 19. Bd1 Rad8 20. Ne2 Rfe8 21.
Nxd4 cxd4 22. f3 Bc8 23. Qd3 f5 24. Bc2 c5 25. Rce1 f4 26. Rc1 g5 27. a3 Re7 28.
b4 Rg7 29. bxc5 g4 30. c6 gxf3 31. Rxf3 Bg4 32. Rf2 Rf8 33. Bd1 Rf6 34. Bxg4
hxg4 35. Rd1 Rd6 36. c5 Rd8 37. Qc4+ Kh7 38. Rfd2 g3 39. hxg3 fxg3 40. Rxd4 Rxd4
41. Qxd4 Qh5 42. e5 Rf7 43. Qd3+ Kh8 0-1

[Event "World Rapid 2018"]
[Site "St Petersburg RUS"]
[Date "2018.12.26"]
[Round "3.89"]
[White "Rechlis, Gad"]
[Black "Pershin, Denis"]
[Result "0-1"]
[WhiteTitle "GM"]
[WhiteElo "2521"]
[BlackElo "2400"]
[WhiteFideId "2800047"]
[BlackFideId "24165506"]
[EventDate "2018.12.26"]

1. Nf3 d5 2. c4 c6 3. b3 Nf6 4. Bb2 Bg4 5. g3 Nbd7 6. Bg2 e6 7. O-O Bd6 8. d4
O-O 9. Nbd2 a5 10. a3 Qc7 11. Rc1 Qb8 12. Qc2 Bf5 13. Qc3 b5 14. Ne5 b4 15. axb4
axb4 16. Qe3 Nxe5 17. dxe5 Ng4 18. Qg5 h6 19. Qh4 Bxe5 20. Bxe5 Qxe5 21. cxd5
cxd5 22. e4 dxe4 23. Nxe4 Ra2 24. Rc4 Qb2 25. Bh1 Qxb3 26. Nd6 Qd3 27. Qe7 Nxh2
28. Rfc1 Nf3+ 29. Kg2 Qd2 30. Rf1 Bd3 31. Rcc1 Bxf1+ 32. Rxf1 Qd5 33. g4 Nh4+
34. Kg3 Ra3+ 0-1

[Event "World Rapid 2018"]
[Site "St Petersburg RUS"]
[Date "2018.12.26"]
[Round "3.90"]
[White "Guimaraes, Diogo Duarte"]
[Black "Zablotsky, Sergei"]
[Result "0-1"]
[WhiteTitle "FM"]
[BlackTitle "GM"]
[WhiteElo "2278"]
[BlackElo "2511"]
[WhiteFideId "2112450"]
[BlackFideId "4131606"]
[EventDate "2018.12.26"]

1. e4 d6 2. d4 Nf6 3. Nc3 e5 4. Nf3 Nbd7 5. Bc4 Be7 6. O-O O-O 7. Re1 c6 8. a4
exd4 9. Qxd4 Ne5 10. Nxe5 dxe5 11. Qxe5 Ng4 12. Qf4 Bd6 13. e5 Nxe5 14. Ne4 Bc7
15. Ng5 h6 16. Nf3 Nd3 17. Qe4 Nxe1 18. Qxe1 Bg4 19. Qc3 Bxf3 20. Qxf3 Qh4 21.
Bb3 Qxh2+ 22. Kf1 Qh1+ 23. Ke2 Rae8+ 24. Kd3 Re1 25. Bf4 Qf1+ 26. Kd4 Bb6+ 27.
Kc3 Ba5+ 28. Kd4 Rxa1 29. Bd6 Qd1+ 0-1

[Event "World Rapid 2018"]
[Site "St Petersburg RUS"]
[Date "2018.12.26"]
[Round "3.91"]
[White "Dubrovin, Robert"]
[Black "Vaisser, Anatoli"]
[Result "0-1"]
[BlackTitle "GM"]
[WhiteElo "2220"]
[BlackElo "2505"]
[WhiteFideId "4501829"]
[BlackFideId "603252"]
[EventDate "2018.12.26"]

1. d4 Nf6 2. c4 c5 3. d5 b5 4. cxb5 a6 5. bxa6 g6 6. Nc3 Bg7 7. e4 O-O 8. Be2
Qa5 9. Bd2 Bxa6 10. Nf3 d6 11. O-O Nfd7 12. Qc2 Bxe2 13. Nxe2 Qa4 14. b3 Qa6 15.
Bc3 Nf6 16. a4 Nbd7 17. Ng3 Rfb8 18. Nd2 Ng4 19. Bxg7 Kxg7 20. Qc3+ Kg8 21. Rac1
Nge5 22. f4 Nd3 23. Rc2 Nb4 24. Rb2 Qd3 25. Rf3 Qxc3 26. Rxc3 f5 27. exf5 Nxd5
28. Rd3 Nxf4 29. Rf3 Ne5 30. Rxf4 Nd3 31. Re4 Nxb2 32. Rxe7 Re8 33. Rd7 Rad8 34.
Rc7 Re1+ 35. Kf2 Nd3+ 36. Kf3 Rf8 37. a5 Ne5+ 38. Kf4 Rf7 39. Rc8+ Kg7 40. Nde4
Nd3+ 41. Kf3 Rd7 42. f6+ Kh6 43. h4 Ne5+ 44. Kf4 Nd3+ 45. Kf3 Rf7 46. Rd8 Ne5+
47. Kf4 Nd7 48. a6 Nxf6 49. Nxd6 Nh5+ 50. Kg4 Rf4+ 51. Kh3 Re3 52. a7 Nxg3 53.
a8=Q Ne4+ 54. g3 Rxg3+ 55. Kh2 Rxh4# 0-1

[Event "World Rapid 2018"]
[Site "St Petersburg RUS"]
[Date "2018.12.26"]
[Round "3.92"]
[White "Danielyan, Vahe"]
[Black "Oganian, Miran"]
[Result "0-1"]
[WhiteTitle "FM"]
[BlackTitle "IM"]
[WhiteElo "2220"]
[BlackElo "2423"]
[WhiteFideId "13304828"]
[BlackFideId "4122488"]
[EventDate "2018.12.26"]

1. e4 c5 2. Nc3 Nc6 3. Bb5 Nd4 4. Bc4 e6 5. Nge2 Ne7 6. Nxd4 cxd4 7. Ne2 Nc6 8.
O-O Bc5 9. c3 O-O 10. b4 Bb6 11. cxd4 d5 12. exd5 exd5 13. Bb5 Nxd4 14. Nxd4
Bxd4 15. Rb1 Bf5 16. Rb3 Rc8 17. Bd3 Bxd3 18. Rxd3 Qb6 19. Qf3 Rfe8 20. g3 Re4
21. Qf5 Qe6 22. Qxe6 fxe6 23. a4 Rc2 24. Kg2 Bf6 25. Ba3 Rd4 26. Rb3 Rdxd2 27.
b5 Rc3 28. Rfb1 Rxb3 29. Rxb3 Rc2 30. a5 Kf7 31. a6 bxa6 32. bxa6 Bd4 33. Rf3+
Ke8 34. h4 h5 35. Bd6 Ra2 36. Ba3 Bxf2 37. Rf8+ Kd7 38. Rxf2 Rxa3 39. Rf7+ Kd6
40. Rxa7 Ke5 41. Rxg7 Rxa6 42. Rg5+ Ke4 43. Rxh5 d4 44. Rh8 Ra2+ 45. Kh3 d3 46.
Rd8 Ra5 47. Kg2 Ke3 48. Rd6 d2 49. Kf1 Rd5 50. Rxe6+ Kd3 0-1